000 00510nmm a2200157Ia 4500
008 251105s9999||||xx |||||||||||||||||und||
020 _a9788499402857
041 _aspa
100 _aKrsnananda, Svami
245 0 _aEl descubrimiento de lo absoluto :
_b Un tratado sobre la filosofía vedanta y su metodología
264 _a[Madrid, España] :
_bBiblioteca Nueva,
_c2015
300 _a240 páginas
650 _aPhilosophy, Ethics
856 _uhttps://public.digitaliapublishing.com/a/38130
942 _cCF
999 _c92677
_d92677